Normal view
MARC view
- Cardozo, Harold G
Entry Personal Name
001 - CONTROL NUMBER
- control field: 112088
003 - CONTROL NUMBER IDENTIFIER
- control field: NUST
005 - DATE AND TIME OF LATEST TRANSACTION
- control field: 20230504102809.0
008 - FIXED-LENGTH DATA ELEMENTS
- fixed length control field: 230504|| aca||aabn | a|a d
040 ## - CATALOGING SOURCE
- Original cataloging agency: NUST
- Transcribing agency: NUST
100 ## - HEADING--PERSONAL NAME
- Personal name: Cardozo, Harold G
670 ## - SOURCE DATA FOUND
- Source citation: Work cat.: (NUST)187365: Cardozo, Harold G., The march of a nation :, 1937
